| 000 | 00381nam a2200145 i 4500 | ||
|---|---|---|---|
| 001 | bg | ||
| 100 | 1 | _aSTECZKO, Ewa | |
| 245 | 0 |
_aWybór tekstów technicznych dla wydziałów budowy / _cE. Steczko, A. Tkaczyńske. |
|
| 260 |
_aCzęstochowa, _c1979. |
||
| 700 | 1 | _aTKACZYŃSKA, Anna | |
| 040 | _cBPK | ||
| 041 | _apol | ||
| 942 | _cKS | ||
| 008 | s pl f |000 0 pol | ||
| 999 |
_c18893 _d18893 |
||
| 856 |
_uhttp://koha.tu.koszalin.pl/cgi-bin/koha/opac-detail.pl?biblionumber=18893 _yKatalog online BPK |
||